Name a Pokémon of Every Type Combo - Gen V - Statistics

General Stats
  • This quiz has been taken 24 times
  • The average score is 53 of 61
Answer Stats
Type Combo # of Pokémon Answer % Correct
Single-type Pokémon Dragon 4 Axew | Fraxure | Haxorus | Druddigon
100%
Single-type Pokémon Electric 5 Blitzle | Zebstrika | Tynamo | Eelektrik | Eelektross
100%
Single-type Pokémon Dark 4 Purrloin | Liepard | Zorua | Zoroark
100%
Single-type Pokémon Grass 8 Snivy | Servine | Serperior | Pansage | Simisage | Petilil | Lilligant | Maractus
100%
Single-type Pokémon Fire 6 Tepig | Pansear | Simisear | Darumaka | Darmanitan (Standard Mode) | Heatmor
100%
Single-type Pokémon Flying 1 Tornadus
100%
Single-type Pokémon Ice 8 Darumaka (Galarian Form) | Darmanitan (Galarian Standard Mode) | Vanillite | Vanillish | Vanilluxe | Cubchoo | Beartic | Cryogonal
94%
Dual-type Pokémon Electric/Flying 2 Emolga | Thundurus
94%
Dual-type Pokémon Bug/Steel 3 Escavalier | Durant | Genesect
94%
Dual-type Pokémon Water/Ghost 2 Frillish | Jellicent
94%
Dual-type Pokémon Bug/Electric 2 Joltik | Galvantula
94%
Single-type Pokémon Bug 3 Karrablast | Shelmet | Accelgor
94%
Dual-type Pokémon Bug/Fire 2 Larvesta | Volcarona
94%
Dual-type Pokémon Ghost/Fire 3 Litwick | Lampent | Chandelure
94%
Single-type Pokémon Psychic 10 Munna | Musharna | Gothita | Gothorita | Gothitelle | Solosis | Duosion | Reuniclus | Elgyem | Beheeyem
94%
Single-type Pokémon Water 8 Oshawott | Dewott | Samurott | Panpour | Simipour | Tympole | Basculin | Alomomola
94%
Dual-type Pokémon Normal/Flying 5 Pidove | Tranquill | Unfezant | Rufflet | Braviary
94%
Dual-type Pokémon Fire/Fighting 2 Pignite | Emboar
94%
Dual-type Pokémon Dragon/Fire 1 Reshiram
94%
Dual-type Pokémon Ground/Electric 1 Stunfisk
94%
Single-type Pokémon Fighting 7 Timburr | Gurdurr | Conkeldurr | Throh | Sawk | Mienfoo | Mienshao
94%
Dual-type Pokémon Dark/Flying 2 Vullaby | Mandibuzz
94%
Dual-type Pokémon Ground/Ghost 3 Yamask (Galarian Form) | Golett | Golurk
94%
Dual-type Pokémon Dragon/Electric 1 Zekrom
94%
Dual-type Pokémon Rock/Flying 2 Archen | Archeops
88%
Dual-type Pokémon Grass/Fairy 2 Cottonee | Whimsicott
88%
Dual-type Pokémon Ice/Fire 1 Darmanitan (Galarian Zen Mode)
88%
Dual-type Pokémon Dark/Dragon 3 Deino | Zweilous | Hydreigon
88%
Dual-type Pokémon Bug/Rock 2 Dwebble | Crustle
88%
Dual-type Pokémon Grass/Steel 2 Ferroseed | Ferrothorn
88%
Single-type Pokémon Steel 3 Klink | Klang | Klinklang
88%
Dual-type Pokémon Dragon/Ice 1 Kyurem
88%
Dual-type Pokémon Grass/Fighting 2 Lilligant (Hisuian Form) | Virizion
88%
Single-type Pokémon Normal 9 Patrat | Watchog | Lillipup | Herdier | Stoutland | Audino | Minccino | Cinccino | Bouffalant
88%
Dual-type Pokémon Ground/Dark 3 Sandile | Krokorok | Krookodile
88%
Dual-type Pokémon Bug/Grass 3 Sewaddle | Swadloon | Leavanny
88%
Single-type Pokémon Poison 2 Trubbish | Garbodor
88%
Dual-type Pokémon Psychic/Flying 4 Woobat | Swoobat | Sigilyph | Braviary (Hisuian Form)
88%
Single-type Pokémon Ghost 2 Yamask | Cofagrigus
88%
Dual-type Pokémon Normal/Grass 2 Deerling | Sawsbuck
81%
Dual-type Pokémon Normal/Fairy 1 Mega Audino
81%
Dual-type Pokémon Water/Ground 2 Palpitoad | Seismitoad
81%
Dual-type Pokémon Dark/Steel 2 Pawniard | Bisharp
81%
Single-type Pokémon Rock 3 Roggenrola | Boldore | Gigalith
81%
Dual-type Pokémon Water/Rock 2 Tirtouga | Carracosta
81%
Dual-type Pokémon Bug/Poison 3 Venipede | Whirlipede | Scolipede
81%
Dual-type Pokémon Psychic/Fire 1 Victini
81%
Dual-type Pokémon Steel/Fighting 1 Cobalion
75%
Dual-type Pokémon Fire/Psychic 1 Darmanitan (Zen Mode)
75%
Dual-type Pokémon Water/Flying 2 Ducklett | Swanna
75%
Dual-type Pokémon Ground/Steel 2 Excadrill | Stunfisk (Galarian Form)
75%
Dual-type Pokémon Ground/Flying 1 Landorus
75%
Dual-type Pokémon Dark/Fighting 2 Scraggy | Scrafty
75%
Dual-type Pokémon Rock/Fighting 1 Terrakion
75%
Single-type Pokémon Ground 1 Drilbur
69%
Dual-type Pokémon Grass/Poison 2 Foongus | Amoonguss
69%
Dual-type Pokémon Water/Fighting 1 Keldeo
69%
Dual-type Pokémon Normal/Psychic 1 Meloetta (Aria Forme)
69%
Dual-type Pokémon Normal/Fighting 1 Meloetta (Pirouette Forme)
69%
Dual-type Pokémon Water/Dark 1 Samurott (Hisuian Form)
69%
Dual-type Pokémon Normal/Ghost 2 Zorua (Hisuian Form) | Zoroark (Hisuian Form)
69%
No matching quizzes found
Score Distribution
Percent of People with Each Score
Percentile by Number Answered
Your Score History
You have not taken this quiz